[Event "Hengelo U14 op"]
[Site "Hengelo"]
[Date "2005.08.10"]
[Round "5"]
[White "Abbasov, Shanin"]
[Black "Zijlstra, Jelle"]
[Result "0-1"]
[WhiteElo "2000"]
[BlackElo "1727"]
[PlyCount "25"]
[EventDate "2005.08.??"]
[EventType "swiss"]
[EventRounds "9"]
[EventCountry "NED"]
[SourceTitle "CBM 107 Extra"]
[Source "ChessBase"]
[SourceDate "2005.09.01"]
[SourceVersion "1"]
[SourceVersionDate "2005.09.01"]
[SourceQuality "1"]

1. e4 c5 2. Nf3 d6 3. Bc4 e6 4. Nc3 Nf6 5. d3 d5 6. exd5 exd5 7. Nxd5 Nxd5 8. h3 Be7 9. 0-0 0-0 10. Re1 Nc6 11. b3 Bf6 12. Ba3 Bxa1 13. Qxa1 0-1